Introduction to nanoscience & nanotechnology / (Record no. 330481)
[ view plain ]
| 000 -LEADER | |
|---|---|
| fixed length control field | 01701cam a22003374a 4500 |
| 001 - CONTROL NUMBER | |
| control field | 15518616 |
| 003 - CONTROL NUMBER IDENTIFIER | |
| control field | NUST |
| 005 - DATE AND TIME OF LATEST TRANSACTION | |
| control field | 20170717164728.0 |
| 008 - FIXED-LENGTH DATA ELEMENTS--GENERAL INFORMATION | |
| fixed length control field | 081112s2009 fluab b 001 0 eng |
| 010 ## - LIBRARY OF CONGRESS CONTROL NUMBER | |
| LC control number | 2008048941 |
| 020 ## - INTERNATIONAL STANDARD BOOK NUMBER | |
| International Standard Book Number | 9781420047790 (hardcover : alk. paper) |
| 020 ## - INTERNATIONAL STANDARD BOOK NUMBER | |
| International Standard Book Number | 1420047795 (hardcover : alk. paper) |
| 035 ## - SYSTEM CONTROL NUMBER | |
| System control number | (OCoLC)ocn144216810 |
| 040 ## - CATALOGING SOURCE | |
| Original cataloging agency | DLC |
| Transcribing agency | DLC |
| Modifying agency | BTCTA |
| -- | BAKER |
| -- | YDXCP |
| -- | C#P |
| -- | CDX |
| -- | IAY |
| -- | DLC |
| 050 00 - LIBRARY OF CONGRESS CALL NUMBER | |
| Classification number | QC176.8.N35 |
| Item number | I687 2009 |
| 082 00 - DEWEY DECIMAL CLASSIFICATION NUMBER | |
| Classification number | 620.5 HUR |
| Edition number | 22 |
| 245 00 - TITLE STATEMENT | |
| Title | Introduction to nanoscience & nanotechnology / |
| Statement of responsibility, etc. | Gabor L. Hornyak ... [et al.]. |
| 246 3# - VARYING FORM OF TITLE | |
| Title proper/short title | Introduction to nanoscience and nanotechnology |
| 260 ## - PUBLICATION, DISTRIBUTION, ETC. | |
| Place of publication, distribution, etc. | Boca Raton : |
| Name of publisher, distributor, etc. | CRC Press, |
| Date of publication, distribution, etc. | c2009. |
| 300 ## - PHYSICAL DESCRIPTION | |
| Extent | xxxiv, 1593 p. : |
| Other physical details | ill. (some col.), col. map ; |
| Dimensions | 27 cm. |
| 500 ## - GENERAL NOTE | |
| General note | This volume consists of the combined books: Introduction to nanoscience (ISBN 978-1-4200-4805-6) and fundamentals of nanotechnology (ISBN 978-1-4200-4803-2)--Cf. t.p. verso. |
| 501 ## - WITH NOTE | |
| With note | H.B |
| 504 ## - BIBLIOGRAPHY, ETC. NOTE | |
| Bibliography, etc. note | Includes bibliographical references and index. |
| 650 #0 - SUBJECT ADDED ENTRY--TOPICAL TERM | |
| Topical term or geographic name entry element | Nanostructures. |
| 9 (RLIN) | 3334 |
| 650 #0 - SUBJECT ADDED ENTRY--TOPICAL TERM | |
| Topical term or geographic name entry element | Nanoscience. |
| 9 (RLIN) | 3335 |
| 650 #0 - SUBJECT ADDED ENTRY--TOPICAL TERM | |
| Topical term or geographic name entry element | Nanotechnology. |
| 9 (RLIN) | 2826 |
| 700 1# - ADDED ENTRY--PERSONAL NAME | |
| Personal name | Hornyak, Gabor L. |
| Fuller form of name | (Gabor Louis) |
| 9 (RLIN) | 3336 |
| 730 0# - ADDED ENTRY--UNIFORM TITLE | |
| Uniform title | Introduction to nanoscience. |
| 9 (RLIN) | 3337 |
| 730 0# - ADDED ENTRY--UNIFORM TITLE | |
| Uniform title | Fundamentals of nanotechnology. |
| 9 (RLIN) | 3338 |
| 906 ## - LOCAL DATA ELEMENT F, LDF (RLIN) | |
| a | 7 |
| b | cbc |
| c | orignew |
| d | 1 |
| e | ecip |
| f | 20 |
| g | y-gencatlg |
| 942 ## - ADDED ENTRY ELEMENTS (KOHA) | |
| Source of classification or shelving scheme | |
| Koha item type | Book |
| Call number prefix | IESE |
| Withdrawn status | Lost status | Source of classification or shelving scheme | Damaged status | Not for loan | Collection code | Permanent Location | Current Location | Shelving location | Date acquired | Total Checkouts | Full call number | Barcode | Checked out | Date last seen | Date last checked out | Price effective from | Koha item type |
|---|---|---|---|---|---|---|---|---|---|---|---|---|---|---|---|---|---|
| Institute of Environmental Science and Engineering (IESE) | Institute of Environmental Science and Engineering (IESE) | General Stacks | 07/17/2017 | 1 | 620.5 HUR | IESE-2920 | 03/03/2024 | 02/02/2024 | 02/02/2024 | 07/17/2017 | Book |
